[Event "Barcelona Sant Marti op-B 23rd"]
[Site "Barcelona"]
[Date "2023.07.19"]
[Round "7"]
[White "Sobrevia Castellar, Lluis"]
[Black "Arellan Zavala, Marc"]
[Result "0-1"]
[WhiteElo "1693"]
[BlackElo "1544"]
[PlyCount "62"]
[EventDate "2023.07.13"]
[EventType "swiss"]
[EventRounds "9"]
[EventCountry "ESP"]
[SourceTitle "CBM 215 Extra"]
[Source "ChessBase"]
[SourceDate "2023.09.30"]
[SourceVersion "1"]
[SourceVersionDate "2023.09.30"]
[SourceQuality "1"]

1. d4 d5 2. Nf3 Nf6 3. e3 Bf5 4. c4 e6 5. Nc3 c6 6. a3 Nbd7 7. Be2 dxc4 8. Bxc4 Nb6 9. Be2 Nbd5 10. Bd2 Bd6 11. Nxd5 exd5 12. Qb3 Qe7 13. h3 0-0 14. Bd3 Ne4 15. Qc2 Rfc8 16. Bc3 c5 17. dxc5 Bxc5 18. 0-0 Bg6 19. Rad1 Nxc3 20. bxc3 Bxa3 21. Bxg6 hxg6 22. Rxd5 Bb4 23. Rd3 a5 24. Qb3 Bd6 25. Rfd1 a4 26. Qd5 Rd8 27. Qa2 a3 28. g3 Qe6 29. Qxe6 fxe6 30. Rxd6 Rxd6 31. Rxd6 a2 0-1

[Event "Barcelona Sant Marti op-B 23rd"]
[Site "Barcelona"]
[Date "2023.07.16"]
[Round "4"]
[White "Arellan Zavala, Marc"]
[Black "Ritter Aguilar, Jordi"]
[Result "0-1"]
[WhiteElo "1544"]
[BlackElo "1736"]
[PlyCount "122"]
[EventDate "2023.07.13"]
[EventType "swiss"]
[EventRounds "9"]
[EventCountry "ESP"]
[SourceTitle "CBM 215 Extra"]
[Source "ChessBase"]
[SourceDate "2023.09.30"]
[SourceVersion "1"]
[SourceVersionDate "2023.09.30"]
[SourceQuality "1"]

1. b3 d5 2. Bb2 Nf6 3. e3 g6 4. f4 Bg7 5. Nf3 0-0 6. c4 e6 7. Nc3 c5 8. d4 cxd4 9. Nxd4 Nc6 10. cxd5 Nxd4 11. Qxd4 Nxd5 12. Qd2 Nxc3 13. Bxc3 Qxd2+ 14. Kxd2 Rd8+ 15. Kc2 Bxc3 16. Kxc3 Bd7 17. a4 Rac8+ 18. Bc4 Bc6 19. Rhg1 Be4 20. Rae1 a5 21. Re2 Rd3+ 22. Kb2 Rd6 23. g3 Rcd8 24. Kc3 Kf8 25. Rge1 Ke7 26. Rf2 h5 27. Ree2 Rd1 28. Rd2 Rc1+ 29. Kb2 Rb1+ 30. Kc3 Rc1+ 31. Kb2 Rb1+ 32. Ka2 Rxd2+ 33. Rxd2 Re1 34. Re2 Rd1 35. Kb2 Kd6 36. Kc3 Kc5 37. Rd2 Rxd2 38. Kxd2 Kb4 39. h4 Bd5 40. Bxd5 exd5 41. Kc2 f5 42. Kb2 b6 43. Kc2 Ka3 44. Kc3 Ka2 45. b4 Ka3 46. bxa5 bxa5 47. Kd4 Kxa4 48. Ke5 Kb4 49. Kf6 a4 50. Kxg6 a3 51. Kxf5 a2 52. Kg5 a1Q 53. Kxh5 Kc4 54. g4 Kd3 55. f5 Qf6 56. g5 Qxf5 57. Kh6 Kxe3 58. h5 Kf4 59. g6 Kg4 60. Kg7 Kxh5 61. Kg8 Kxg6 0-1

[Event "Barcelona Sant Marti op-B 23rd"]
[Site "Barcelona"]
[Date "2023.07.13"]
[Round "1"]
[White "Martinez Escribano, Jose Angel"]
[Black "Arellan Zavala, Marc"]
[Result "1/2-1/2"]
[WhiteElo "1883"]
[BlackElo "1544"]
[PlyCount "147"]
[EventDate "2023.07.13"]
[EventType "swiss"]
[EventRounds "9"]
[EventCountry "ESP"]
[SourceTitle "CBM 215 Extra"]
[Source "ChessBase"]
[SourceDate "2023.09.30"]
[SourceVersion "1"]
[SourceVersionDate "2023.09.30"]
[SourceQuality "1"]

1. e4 e5 2. Nf3 Nc6 3. Bb5 d6 4. c3 Bd7 5. 0-0 a6 6. Ba4 Nf6 7. Re1 Be7 8. d4 b5 9. Bc2 Bg4 10. d5 Nb8 11. a4 Nbd7 12. Nbd2 Qc8 13. h3 Bh5 14. Qe2 Rb8 15. axb5 axb5 16. Nb3 Bxf3 17. Qxf3 c6 18. dxc6 Qxc6 19. Na5 Qc8 20. Bg5 Bd8 21. Red1 Bxa5 22. Rxa5 Qc6 23. b4 0-0 24. Qd3 Rb6 25. Be3 Rb7 26. f3 Rc8 27. Ra3 Ne8 28. Bb3 Nb6 29. Ra6 Qc7 30. Qxb5 Qxc3 31. Bxf7+ Kxf7 32. Bxb6 Rcb8 33. Qd5+ Ke7 34. Ba5 Qe3+ 35. Kh2 Rb5 36. Qd2 Qxd2 37. Rxd2 Kd7 38. Ra7+ R8b7 39. Rxb7+ Rxb7 40. Rc2 Ke7 41. Kg3 Kd7 42. Kf2 Nf6 43. g4 Ng8 44. Ke3 Ne7 45. Rd2 Nc6 46. Rd5 Nxb4 47. Bxb4 Rxb4 48. Ra5 Rb7 49. h4 Ke6 50. Ra8 h6 51. Re8+ Re7 52. Rb8 Rc7 53. Rb3 g5 54. h5 Kd7 55. Rb8 Rc8 56. Rb3 Rc6 57. Ra3 Rc8 58. Kd3 Rc7 59. Ra8 Rc8 60. Rxc8 Kxc8 61. Kc4 Kc7 62. Kb5 Kb7 63. Kb4 Kb6 64. Kc4 Kc6 65. Kb4 d5 66. exd5+ Kxd5 67. Kc3 e4 68. f4 gxf4 69. g5 Ke6 70. g6 f3 71. Kd2 f2 72. Ke2 e3 73. Kf1 Kf6 74. Ke2 1/2-1/2

[Event "Barcelona Sant Marti op-B 22nd"]
[Site "Barcelona"]
[Date "2022.07.18"]
[Round "6"]
[White "Arellan Zavala, Marc"]
[Black "Calafell Marques, Josep"]
[Result "0-1"]
[WhiteElo "1416"]
[BlackElo "1708"]
[PlyCount "64"]
[EventDate "2022.07.13"]
[EventType "swiss"]
[EventRounds "9"]
[EventCountry "ESP"]
[SourceTitle "CBM 210 Extra"]
[Source "ChessBase"]
[SourceDate "2022.11.30"]
[SourceVersion "1"]
[SourceVersionDate "2022.11.30"]
[SourceQuality "1"]

1. e4 c5 2. Nf3 d6 3. d4 cxd4 4. Nxd4 Nf6 5. Nc3 e6 6. Bc4 a6 7. a3 Be7 8. Be3 Nc6 9. h3 Qc7 10. Bb3 b5 11. Qf3 Ne5 12. Qe2 0-0 13. 0-0 Nc4 14. Ndxb5 axb5 15. Nxb5 Qb7 16. Qxc4 Nxe4 17. Nc3 d5 18. Qd3 Nc5 19. Bxc5 Bxc5 20. Ba4 Qc7 21. b4 Be7 22. Rfe1 Bf6 23. Re3 Rxa4 24. Nxa4 Bxa1 25. c3 d4 26. Re1 Bxc3 27. Rc1 Qa7 28. Nxc3 Qxa3 29. Rc2 dxc3 30. Rxc3 Qxb4 31. Rc4 Qe1+ 32. Kh2 Ba6 0-1

[Event "Barcelona Sant Marti op-B 22nd"]
[Site "Barcelona"]
[Date "2022.07.15"]
[Round "3"]
[White "Romero Funieles, Rafael de Jesus"]
[Black "Arellan Zavala, Marc"]
[Result "0-1"]
[WhiteElo "1608"]
[BlackElo "1416"]
[PlyCount "146"]
[EventDate "2022.07.13"]
[EventType "swiss"]
[EventRounds "9"]
[EventCountry "ESP"]
[SourceTitle "CBM 210 Extra"]
[Source "ChessBase"]
[SourceDate "2022.11.30"]
[SourceVersion "1"]
[SourceVersionDate "2022.11.30"]
[SourceQuality "1"]

1. e4 e5 2. c3 Nc6 3. Nf3 Nf6 4. d3 d5 5. exd5 Qxd5 6. Be2 Bg4 7. 0-0 0-0-0 8. Qb3 Bxf3 9. Bxf3 Qxb3 10. axb3 Nd5 11. b4 a6 12. Na3 Na7 13. Bg5 f6 14. Bc1 Nb6 15. Rd1 h5 16. Be3 g5 17. d4 Bd6 18. dxe5 Bxe5 19. Bxb6 cxb6 20. Nc4 Kc7 21. Rxd8 Rxd8 22. Bxh5 b5 23. Na5 Rh8 24. Bf3 Bxh2+ 25. Kf1 Be5 26. g3 Rb8 27. Kg2 Kb6 28. Rd1 Nc6 29. Nb3 a5 30. Bxc6 bxc6 31. bxa5+ Ka6 32. Kf3 b4 33. c4 Bxb2 34. Rd6 Rc8 35. Rd2 Be5 36. Ke4 Re8 37. Kf5 Bc3 38. Rd6 Rc8 39. f4 gxf4 40. gxf4 Rc7 41. Rd8 Bb2 42. Ke6 Rb7 43. Nc5+ Ka7 44. Nxb7 Kxb7 45. Kd6 Bc3 46. Rd7+ Ka6 47. Kxc6 b3 48. Rd8 Kxa5 49. Kc5 Bb4+ 50. Kc6 Bc3 51. c5 b2 52. Rd1 Kb4 53. Kd5 Kb3 54. c6 Kc2 55. Rf1 Ba5 56. Kd6 Bd2 57. c7 Bxf4+ 58. Rxf4 b1Q 59. c8Q+ Kd2 60. Qc5 Qb8+ 61. Qc7 Qf8+ 62. Kc6 Qa8+ 63. Kd7 Ke3 64. Rc4 Qd5+ 65. Ke7 Kd3 66. Rc6 Qe5+ 67. Re6 Qxc7+ 68. Kxf6 Qf4+ 69. Ke7 Kd4 70. Rd6+ Kc5 71. Rf6 Qg5 72. Kf7 Kd5 73. Ke7 Ke5 0-1

[Event "Foment Martinenc op-B 22nd"]
[Site "Barcelona"]
[Date "2022.06.11"]
[Round "8"]
[White "Arellan Zavala, Marc"]
[Black "Arcas Rodriguez, Jordi"]
[Result "0-1"]
[WhiteElo "1406"]
[BlackElo "1508"]
[PlyCount "42"]
[EventDate "2022.04.23"]
[EventType "swiss"]
[EventRounds "9"]
[EventCountry "ESP"]
[SourceTitle "EXT 2023"]
[Source "ChessBase"]
[SourceDate "2022.10.05"]
[SourceVersion "1"]
[SourceVersionDate "2022.10.05"]
[SourceQuality "1"]

1. b3 e5 2. Bb2 Nc6 3. e3 Nf6 4. Bb5 Bd6 5. d3 Ne7 6. d4 exd4 7. exd4 c6 8. Bd3 0-0 9. Nf3 Bb4+ 10. Nbd2 d5 11. 0-0 Bf5 12. Qe2 Re8 13. Ne5 Qa5 14. Ndf3 Bc3 15. Bxc3 Qxc3 16. a3 Bxd3 17. Nxd3 Nf5 18. Nde5 Nxd4 19. Nxd4 Qxd4 20. Rfe1 Nd7 21. Qh5 Rxe5 0-1

[Event "Foment Martinenc op-B 22nd"]
[Site "Barcelona"]
[Date "2022.04.23"]
[Round "1"]
[White "Planas Sarmiento, Joan"]
[Black "Arellan Zavala, Marc"]
[Result "1-0"]
[WhiteElo "1697"]
[BlackElo "1406"]
[PlyCount "89"]
[EventDate "2022.04.23"]
[EventType "swiss"]
[EventRounds "9"]
[EventCountry "ESP"]
[SourceTitle "EXT 2023"]
[Source "ChessBase"]
[SourceDate "2022.10.05"]
[SourceVersion "1"]
[SourceVersionDate "2022.10.05"]
[SourceQuality "1"]

1. d4 d5 2. Bf4 Bf5 3. c4 e6 4. Qb3 b6 5. e3 Bd6 6. Bg3 Nf6 7. Nc3 0-0 8. Nf3 c5 9. cxd5 Bxg3 10. hxg3 Nxd5 11. Rc1 cxd4 12. Nxd4 Nxc3 13. Nxf5 Ne4 14. Nd4 e5 15. Nf3 Nc5 16. Qc2 e4 17. Nd4 Nbd7 18. b4 Nd3+ 19. Bxd3 exd3 20. Qxd3 Nf6 21. Qf5 Qd5 22. Qxd5 Nxd5 23. a3 Rac8 24. Kd2 g6 25. Nc6 Rc7 26. e4 Nf6 27. f3 Kg7 28. Ne5 Re7 29. Nd3 Rd8 30. Rc3 Red7 31. g4 Rd6 32. e5 Rxd3+ 33. Rxd3 Rxd3+ 34. Kxd3 Nd7 35. Re1 Nf8 36. g3 Ne6 37. f4 f5 38. gxf5 gxf5 39. Rc1 h5 40. Rc6 Kf7 41. Ke3 Ke7 42. Rd6 Ng7 43. Rc6 Ne6 44. Rc8 Nd8 45. Rc7+ 1-0

[Event "Barcelona Sant Marti op-B 21st"]
[Site "Barcelona"]
[Date "2019.07.20"]
[Round "8"]
[White "Arellan Zavala, Marc"]
[Black "Bienvenido Kleque, Jose"]
[Result "0-1"]
[WhiteElo "1206"]
[BlackElo "1406"]
[PlyCount "104"]
[EventDate "2019.07.13"]
[EventType "swiss"]
[EventRounds "9"]
[EventCountry "ESP"]
[SourceTitle "EXT 2020"]
[Source "ChessBase"]
[SourceDate "2019.10.17"]
[SourceVersion "1"]
[SourceVersionDate "2019.10.17"]
[SourceQuality "1"]

1. e4 d5 2. exd5 Qxd5 3. Nc3 Qd8 4. Bc4 Nf6 5. Nf3 Bf5 6. d4 e6 7. Bf4 c6 8. Bg5 Be7 9. Bd3 Bxd3 10. Qxd3 Nbd7 11. Ne5 Nxe5 12. dxe5 Qxd3 13. cxd3 Nd5 14. Nxd5 cxd5 15. Bxe7 Kxe7 16. d4 Rac8 17. 0-0 Rc4 18. Rfd1 Rhc8 19. h3 h6 20. a4 Rc2 21. b4 R2c4 22. b5 g6 23. a5 Kd7 24. a6 b6 25. Kh2 Ke7 26. Kg3 Rb4 27. Rab1 Rcc4 28. Rbc1 Rxb5 29. Rxc4 dxc4 30. Rc1 Rb4 31. f4 b5 32. Kf3 Rb3+ 33. Ke4 Kd7 34. d5 exd5+ 35. Kxd5 h5 36. Ke4 Ke6 37. Rd1 b4 38. Rd6+ Ke7 39. Kd5 c3 40. g4 hxg4 41. hxg4 c2 42. Rc6 Rc3 43. Rxc3 bxc3 44. Kc6 c1Q 45. Kb7 Qe3 46. f5 Qb6+ 47. Ka8 Qe3 48. f6+ Ke6 49. g5 c2 50. Kb8 c1Q 51. Kb7 Qb6+ 52. Ka8 Qc8# 0-1

[Event "Barcelona Sant Marti op-B 21st"]
[Site "Barcelona"]
[Date "2019.07.13"]
[Round "1"]
[White "Palau Soriano, Ricard"]
[Black "Arellan Zavala, Marc"]
[Result "1-0"]
[WhiteElo "1719"]
[BlackElo "1206"]
[PlyCount "49"]
[EventDate "2019.07.13"]
[EventType "swiss"]
[EventRounds "9"]
[EventCountry "ESP"]
[SourceTitle "EXT 2020"]
[Source "ChessBase"]
[SourceDate "2019.10.17"]
[SourceVersion "1"]
[SourceVersionDate "2019.10.17"]
[SourceQuality "1"]

1. e4 e5 2. Nf3 Nc6 3. Bb5 Nf6 4. 0-0 a6 5. Ba4 d6 6. Re1 Bd7 7. c3 Be7 8. d4 exd4 9. cxd4 d5 10. e5 Ne4 11. Nc3 Bf5 12. Bb3 Bb4 13. Bxd5 Nxc3 14. Bxc6+ bxc6 15. bxc3 Bxc3 16. Ba3 Bxe1 17. Qxe1 Qd5 18. Qb4 Kd8 19. Qb7 Kd7 20. e6+ Kxe6 21. Qxc7 Rhe8 22. Re1+ Kf6 23. Be7+ Kg6 24. Qg3+ Kh6 25. Qg5# 1-0

[Event "Foment Martinenc op-C 21st"]
[Site "Barcelona"]
[Date "2019.06.15"]
[Round "8"]
[White "Fernandez Huerta Rodriguez Ma, Sergio"]
[Black "Arellan Zavala, Marc"]
[Result "1-0"]
[WhiteElo "1682"]
[BlackElo "1356"]
[PlyCount "107"]
[EventDate "2019.04.27"]
[EventType "swiss"]
[EventRounds "9"]
[EventCountry "ESP"]
[SourceTitle "EXT 2020"]
[Source "ChessBase"]
[SourceDate "2019.10.17"]
[SourceVersion "1"]
[SourceVersionDate "2019.10.17"]
[SourceQuality "1"]

1. e4 e5 2. Nf3 Nc6 3. Bc4 d6 4. c3 Be6 5. Bxe6 fxe6 6. d4 exd4 7. cxd4 d5 8. exd5 exd5 9. 0-0 Be7 10. Re1 Qd7 11. Ne5 Nxe5 12. Qh5+ Nf7 13. Nc3 Nf6 14. Qf3 0-0 15. Bf4 Bb4 16. Re3 Rfe8 17. a3 Rxe3 18. Bxe3 Bxc3 19. bxc3 Ne4 20. Rc1 Qd6 21. c4 Qxa3 22. cxd5 Nfg5 23. Qd1 Nc3 24. Qd2 Nge4 25. Qd3 Nxf2 26. Kxf2 Rf8+ 27. Kg1 Nb5 28. Qxa3 Nxa3 29. Rxc7 Rb8 30. d6 b5 31. d7 b4 32. Rc8+ Rxc8 33. dxc8Q+ Kf7 34. Qb7+ Ke6 35. Qxb4 Nc2 36. Qc4+ Kf6 37. Qxc2 g5 38. Qc3 Ke6 39. Bxg5 h5 40. Qh3+ Kd5 41. Be3 Ke4 42. Qf3+ Kd3 43. d5 a5 44. d6 a4 45. d7 a3 46. Bc1+ Kc4 47. Bxa3 h4 48. d8R h3 49. Qxh3 Kb5 50. Qc3 Kb6 51. Bc1 Kb7 52. Rd2 Kb6 53. Rb2+ Ka7 54. Qa3# 1-0

[Event "Foment Martinenc op-C 21st"]
[Site "Barcelona"]
[Date "2019.06.08"]
[Round "7"]
[White "Asenjo Rodriguez, Cristian"]
[Black "Arellan Zavala, Marc"]
[Result "0-1"]
[WhiteElo "1731"]
[BlackElo "1356"]
[PlyCount "100"]
[EventDate "2019.04.27"]
[EventType "swiss"]
[EventRounds "9"]
[EventCountry "ESP"]
[SourceTitle "EXT 2020"]
[Source "ChessBase"]
[SourceDate "2019.10.17"]
[SourceVersion "1"]
[SourceVersionDate "2019.10.17"]
[SourceQuality "1"]

1. e4 e5 2. Nf3 Nc6 3. Bc4 Bc5 4. d3 Na5 5. Nxe5 Qf6 6. Nf3 Nxc4 7. dxc4 d6 8. Bg5 Qxb2 9. Nbd2 Bg4 10. 0-0 Bd4 11. h3 Bxf3 12. Nxf3 Qxa1 13. Qxa1 Bxa1 14. Rxa1 f6 15. Be3 Ne7 16. Rb1 b6 17. Nd4 0-0 18. Ne6 Rfc8 19. Rb5 c6 20. Rb2 Kf7 21. Nd4 d5 22. cxd5 cxd5 23. Nb5 Ke6 24. Nd4+ Kd7 25. exd5 Nxd5 26. Bd2 g6 27. g3 Rc4 28. Nb5 a6 29. Na3 Ra4 30. Nb1 h6 31. Bxh6 Rb4 32. Rxb4 Nxb4 33. Nc3 Nxc2 34. Nd5 Kc6 35. Nxf6 b5 36. h4 b4 37. Ng4 Kd6 38. Bf4+ Ke6 39. Ne5 a5 40. Nxg6 a4 41. h5 b3 42. axb3 axb3 43. Be5 Ne1 44. Bc3 Kf7 45. Ne5+ Kg8 46. Kf1 Nc2 47. Ke2 Ra2 48. Nc4 Na3+ 49. Kd3 Nxc4 50. Kxc4 b2 0-1